Normal view
MARC view
- DEIMEL, RICHARD F
Entry Personal Name
001 - CONTROL NUMBER
- control field: 79292
003 - CONTROL NUMBER IDENTIFIER
- control field: NUST
005 - DATE AND TIME OF LATEST TRANSACTION
- control field: 20210628210419.0
008 - FIXED-LENGTH DATA ELEMENTS
- fixed length control field: 210628|| aca||aabn | a|a d
040 ## - CATALOGING SOURCE
- Original cataloging agency: NUST
- Transcribing agency: NUST
100 ## - HEADING--PERSONAL NAME
- Personal name: DEIMEL, RICHARD F
670 ## - SOURCE DATA FOUND
- Source citation: Work cat.: (NUST): DEIMEL, RICHARD F, MECHNICS OF THE GYROSCOPE THE DYNAMICS OF ROTATION, 1950
